000
00278nam a22001097a 4500
008
170110b xxu||||| |||| 00| 0 eng d
020
_a
9780763704049
041
_a
eng
080
_2
2ND
_a
618.2
245
_a
HEALTH POLICY AND NURSING
_c
HARRINGTON, CH & ESTES, C.L
942
_2
udc
_c
BK
999
_c
2649
_d
2649